Descriptions of new genera and species of Lepidoptera Phalænæ of the subfamily Noctuinæ (Noctuidæ) : in the British museum (Natural history) /

Bibliographic Details
Corporate Author: British Museum (Natural History). Department of Entomology
Other Authors: Hampson, George Francis, Sir, bart., 1860-1936, Franclemont, John G., Riley, N. D. (Norman Denbigh), 1890-1979
Format: Book
Language:English
Subjects:

MARC

Tag First Indicator Second Indicator Subfields
LEADER 00000cam a2200000I 4500
001 in00002467355
005 20190228113318.0
008 741211s1926 enk 000 0 eng c
010 |a  26016395  
016 7 |a CAT11016738  |2 DNAL 
029 1 |a NZ1  |b 8210366 
029 1 |a AU@  |b 000008601951 
035 |a (OCoLC)ocm01107356 
035 |a (OCoLC)1107356 
040 |a SOI  |c SOI  |d AGL  |d TXA  |d UtOrBLW 
049 |a TXAM 
050 0 0 |a QL561.N7  |b B7 
070 0 |a 430  |b B77N 
072 0 |a L700 
072 0 |a L001 
082 0 4 |a 595.78  |b B862d 
090 |a QL561.N7  |b B75 1926 
110 2 |a British Museum (Natural History).  |b Department of Entomology. 
245 1 0 |a Descriptions of new genera and species of Lepidoptera Phalænæ of the subfamily Noctuinæ (Noctuidæ) :  |b in the British museum (Natural history) /  |c By Sir George F. Hampson, bart. 
264 3 |a London :  |b Printed by order of the Trustees,  |c 1926. 
300 |a 641 pages ;  |c 23 cm. 
336 |a text  |b txt  |2 rdacontent 
337 |a unmediated  |b n  |2 rdamedia 
338 |a volume  |b nc  |2 rdacarrier 
500 |a The Cushing Library/Rare Books copy contains an ownership stamp for J. G. Franclemont on the front paste-down endpaper and a typed letter dated 25th March, 1952 from N. D. Riley (Keeper, Department of Entomology, British Museum (Natural History) responding to an enquiry from J. G. Franclemont (Division of Insects, U.S. National Museum). 
650 0 |a Butterflies. 
650 0 |a Noctuidae. 
700 1 |a Hampson, George Francis,  |c Sir, bart.,  |d 1860-1936. 
700 1 |a Franclemont, John G. 
700 1 |a Riley, N. D.  |q (Norman Denbigh),  |d 1890-1979. 
948 |a cataloged  |b h  |c 2009/4/3  |d c  |e bhartsfi  |f 10:52:53 am 
994 |a C0  |b TXA 
999 |a MARS 
999 f f |s 5ca87bc3-0579-34f1-a81f-3a72e856a22e  |i 288ad46d-047e-3685-8db0-97528dc88994  |t 0 
952 f f |p noncirc  |a Texas A&M University  |b College Station  |c Cushing Memorial Library & Archives  |d Cushing: Rare Books (Does not check out)  |t 0  |e QL561.N7 B75 1926  |h Library of Congress classification  |i unmediated -- volume 
998 f f |a QL561.N7 B75 1926  |t 0  |l Cushing: Rare Books (Does not check out)